00574nam a2200157 4500999001900000008004100019100002700060245009900087260000900186300001500195650002900210773002600239906003100265942001200296952010800308 c511017d511017190906b ||||| |||| 00| 0 eng d aRoos, Mechthild 99962 aIntra-party group unity in the European Parliament prior to its first direct elections in 1979 c2019 ap.464-479. aElections - Europe99963 aParliamentary Affairs aPolitical parties - Europe 2ddccAR 00102ddc40709384964aIIPAbIIPAd2019-09-06h72(2), Apr, 2019: p.464-479.pAR120812r2019-09-06yAR